000
00355nam a2200133Ia 4500
008
100328s9999 xx 000 0 und d
082
_b
4184
100
_a
पवार शरद
245
_a
पहाट झाली
260
_b
युगवाणी
630
_a
पहाट झाली
730
_a
पहाट झाली
942
_c
BOOK
999
_c
500265
_d
500262